Squadra dell'anno AIC - Statistics

Statistiche generali
  • Questo quiz è stato fatto 27 volte
  • Il punteggio medio è 111 su 134
Statistiche sulle risposte
Ruolo Nazione Squadra Calciatore % Corretto
Attaccante Italia Udinese Antonio Di Natale
95%
Attaccante Uruguay Napoli Edinson Cavani
95%
Portiere Italia Juventus Gianluigi Buffon
95%
Portiere Slovenia Inter | Udinese Samir Handanovič
95%
Attaccante Svezia Milan Zlatan Ibrahimović
95%
Difensore Marocco Inter Achraf Hakimi
91%
Portiere Brasile Roma Alisson
91%
Attaccante Italia Lazio | Torino Ciro Immobile
91%
Attaccante Portogallo Juventus Cristiano Ronaldo
91%
Attaccante Serbia Fiorentina / Juventus Dušan Vlahović
91%
Centrocampista Costa d'Avorio Milan Franck Kessié
91%
Difensore Italia Juventus Giorgio Chiellini
91%
Difensore Italia Napoli Giovanni Di Lorenzo
91%
Difensore Brasile Torino Gleison Bremer
91%
Attaccante Argentina Juventus | Napoli Gonzalo Higuaín
91%
Difensore Senegal Napoli Kalidou Koulibaly
91%
Difensore Italia Juventus Leonardo Bonucci
91%
Centrocampista Slovacchia Napoli Marek Hamšík
91%
Centrocampista Bosnia ed Erzegovina Juventus | Roma Miralem Pjanić
91%
Centrocampista Italia Cagliari | Inter Nicolò Barella
91%
Attaccante Argentina Juventus Paulo Dybala
91%
Centrocampista Francia Juventus Paul Pogba
91%
Attaccante Portogallo Milan Rafael Leão
91%
Attaccante Belgio Inter Romelu Lukaku
91%
Centrocampista Serbia Lazio Sergej Milinković-Savić
91%
Difensore Paesi Bassi Inter Stefan de Vrij
91%
Difensore Francia Milan Theo Hernández
91%
Centrocampista Italia Juventus | Juventus Claudio Marchisio
86%
Attaccante Colombia Atalanta Duván Zapata
86%
Difensore Inghilterra Milan Fikayo Tomori
86%
Portiere Italia Milan Gianluigi Donnarumma
86%
Difensore Portogallo Inter | Juventus João Cancelo
86%
Centrocampista Slovenia Atalanta Josip Iličić
86%
Attaccante Colombia Atalanta Luis Muriel
86%
Attaccante Argentina Inter Mauro Icardi
86%
Portiere Francia Milan Mike Maignan
86%
Centrocampista Belgio Roma Radja Nainggolan
86%
Centrocampista Argentina Atalanta Alejandro Gómez
82%
Difensore Italia Inter Alessandro Bastoni
82%
Difensore Brasile Juventus Alex Sandro
82%
Difensore Italia Juventus Andrea Barzagli
82%
Centrocampista Cile Juventus Arturo Vidal
82%
Attaccante Argentina Juventus Carlos Tévez
82%
Attaccante Belgio Napoli Dries Mertens
82%
Attaccante Italia Sampdoria Fabio Quagliarella
82%
Attaccante Italia Verona Luca Toni
82%
Centrocampista Croazia Inter Marcelo Brozović
82%
Centrocampista Italia Juventus Andrea Pirlo
77%
Centrocampista BaSpagna Lazio Luis Alberto
77%
Difensore Germania Atalanta Robin Gosens
77%
Difensore Ghana Juventus Kwadwo Asamoah
73%
Difensore Marocco Roma Mehdi Benatia
73%
Difensore Brasile Juventus Dani Alves
68%
Centrocampista Italia Juventus Federico Chiesa
68%
Difensore Brasile Milan Thiago Silva
68%
Difensore Italia Milan Alessandro Nesta
64%
Centrocampista Spagna Fiorentina Borja Valero
59%
Difensore Italia Napoli Christian Maggio
59%
Difensore Serbia Roma Aleksandar Kolarov
55%
Difensore Italia Empoli Daniele Rugani
55%
Difensore Italia Milan Mattia De Sciglio
55%
Centrocampista Brasile / Italia Inter Thiago Motta
55%
Difensore Italia Torino Matteo Darmian
50%
Centrocampista Italia Milan Antonio Nocerino
41%
Centrocampista Ghana Milan Kevin-Prince Boateng
41%
Attaccante Italia Milan Mario Balotelli
41%
Difensore Colombia Udinese Pablo Armero
36%
Difensore Italia Inter Andrea Ranocchia
32%
Difensore Italia Palermo Federico Balzaretti
32%
Nessun quiz corrispondente trovato
Distribuzione punteggi
Percentuale di utenti per punteggio
Percentile per numero di risposta
I tuoi punteggi nel tempo
Non hai fatto questo quiz